[Event "Horsens Lang Weekend 2017"]
[Site "Horsens"]
[Date "2017.07.13"]
[Round "1.1"]
[White "Lyngsjo, Hakan"]
[Black "Rasmussen, Karsten"]
[Result "0-1"]
[WhiteElo "2049"]
[BlackElo "2444"]
[PlyCount "48"]
[EventDate "2017.??.??"]
[EventCountry "DEN"]

1. e4 d5 2. exd5 Qxd5 3. Nc3 Qa5 4. g3 Nf6 5. Bg2 c6 6. Nge2 Bf5 7. b4 Qc7 8.
b5 e6 9. O-O Be7 10. d3 O-O 11. Bg5 h6 12. Bd2 a6 13. a4 axb5 14. axb5 Rxa1 15.
Qxa1 cxb5 16. Nd4 b4 17. Ncb5 Qc5 18. Bxb7 Bh3 19. Bg2 Bxg2 20. Kxg2 Nc6 21. c4
bxc3 22. Qxc3 Qd5+ 23. Kg1 Ne5 24. Nc7 Qxd4 0-1

[Event "Horsens Lang Weekend 2017"]
[Site "Horsens"]
[Date "2017.07.13"]
[Round "1.2"]
[White "Antonsen, Mikkel"]
[Black "Hardlei, Johan"]
[Result "1-0"]
[WhiteElo "2428"]
[BlackElo "2046"]
[PlyCount "81"]
[EventDate "2017.??.??"]
[EventCountry "DEN"]

1. d4 Nf6 2. Nf3 g6 3. c4 Bg7 4. Nc3 O-O 5. e4 d6 6. h3 a6 7. Be3 c5 8. Be2
cxd4 9. Nxd4 Nc6 10. O-O Bd7 11. Qd2 Nxd4 12. Bxd4 Bc6 13. Qe3 Nd7 14. Bxg7
Kxg7 15. Rad1 Qb6 16. Qd2 Qa5 17. b3 b5 18. Qb2 Kg8 19. b4 Qb6 20. cxb5 axb5
21. Nd5 Bxd5 22. Rxd5 Qa7 23. Ra1 Nf6 24. Rxb5 Nxe4 25. Bf3 Qd7 26. Rd5 Nf6 27.
Rd2 d5 28. b5 Rfb8 29. a4 Rb6 30. Qe5 Qe6 31. Qd4 Rd8 32. Rb2 Qd6 33. a5 Rbb8
34. b6 e5 35. Qb4 Qxb4 36. Rxb4 e4 37. a6 exf3 38. a7 Ra8 39. b7 Nd7 40. bxa8=Q
Rxa8 41. Rb7 1-0

[Event "Horsens Lang Weekend 2017"]
[Site "Horsens"]
[Date "2017.07.13"]
[Round "1.3"]
[White "Jensen, Morten Frank"]
[Black "Teplyi, Igor"]
[Result "0-1"]
[WhiteElo "2042"]
[BlackElo "2424"]
[PlyCount "192"]
[EventDate "2017.??.??"]
[EventCountry "DEN"]

1. b3 Nf6 2. Bb2 e6 3. e3 b6 4. Nf3 Bb7 5. c4 g6 6. g3 Bg7 7. Bg2 O-O 8. O-O d6
9. d3 Nbd7 10. Nbd2 Re8 11. Qc2 c5 12. Rad1 a6 13. Rfe1 Rc8 14. Qb1 Qc7 15. Qa1
h6 16. Ne4 e5 17. Nc3 Qb8 18. a3 b5 19. e4 Nf8 20. Bh3 Rcd8 21. Nd5 Nxd5 22.
cxd5 f5 23. Nd2 Bc8 24. f4 Qc7 25. fxe5 dxe5 26. Bg2 Nd7 27. Rc1 Qb6 28. Kh1
fxe4 29. dxe4 Nf6 30. h3 Qd6 31. a4 Bd7 32. Kh2 Rc8 33. Rf1 Qe7 34. Rf2 Nh5 35.
Nf3 g5 36. Rcf1 Qd6 37. Qd1 Nf6 38. Nd2 c4 39. bxc4 bxc4 40. Bc3 g4 41. a5 Nh7
42. h4 Qg6 43. Qa1 Qh5 44. Qa2 Qg6 45. Rb1 Bb5 46. Rf5 Rf8 47. Rxf8+ Nxf8 48.
Rf1 Qd6 49. Qb2 Ng6 50. Rf5 Bd7 51. Rf1 Bb5 52. Rc1 Qf6 53. Rf1 Qe7 54. Rf5 Qc5
55. Nf1 Bd7 56. Rf2 Nh8 57. Qb6 Nf7 58. Ra2 Qxb6 59. axb6 Bb5 60. Ne3 Rb8 61.
Ba5 h5 62. Nf5 Bf8 63. Rc2 Nd6 64. Nxd6 Bxd6 65. Bf1 Bc5 66. Bxc4 Bxb6 67. Bxb6
Rxb6 68. Bxb5 axb5 69. Kg2 b4 70. Rb2 b3 71. Kf2 Kf7 72. Ke2 Ke7 73. Kd3 Rb4
74. Kc3 Rxe4 75. Rxb3 Kd6 76. Kd3 Ra4 77. Ke3 Kxd5 78. Rb5+ Ke6 79. Rb6+ Kf5
80. Rh6 Ra3+ 81. Kf2 Ke4 82. Rxh5 Ra2+ 83. Ke1 Rg2 84. Rh8 Rxg3 85. h5 Ke3 86.
Kf1 e4 87. Ra8 Rh3 88. Ra3+ Kf4 89. Ra5 Kf3 90. Rf5+ Kg3 91. Ra5 Kf4 92. Ra4
Kf3 93. Ra3+ e3 94. Kg1 Rxh5 95. Ra8 Rb5 96. Rf8+ Kg3 0-1

[Event "Horsens Lang Weekend 2017"]
[Site "Horsens"]
[Date "2017.07.13"]
[Round "1.4"]
[White "Bjerre, Jonas Buhl"]
[Black "Andersen, Torben Bodskov"]
[Result "1-0"]
[WhiteElo "2354"]
[BlackElo "2029"]
[PlyCount "47"]
[EventDate "2017.??.??"]
[EventCountry "DEN"]

1. e4 c6 2. d4 d5 3. Nc3 dxe4 4. Nxe4 Nf6 5. Nxf6+ gxf6 6. c3 Bf5 7. Nf3 e6 8.
g3 Qd5 9. Bg2 Qc4 10. Qb3 Qxb3 11. axb3 Bc2 12. Nd2 Bd3 13. Nc4 Nd7 14. Na5 Rb8
15. Bf4 e5 16. O-O-O Bf5 17. Rhe1 Bg7 18. Nc4 O-O 19. Be3 exd4 20. Bxd4 c5 21.
Be3 b6 22. Bf4 Rbe8 23. Rxe8 Rxe8 24. Nd6 1-0

[Event "Horsens Lang Weekend 2017"]
[Site "Horsens"]
[Date "2017.07.13"]
[Round "1.5"]
[White "Fogh, Jens Olaf Svanholm"]
[Black "Matthiesen, Martin"]
[Result "1/2-1/2"]
[WhiteElo "2005"]
[BlackElo "2344"]
[PlyCount "91"]
[EventDate "2017.??.??"]
[EventCountry "DEN"]

1. d4 g6 2. Nf3 Bg7 3. e3 Nf6 4. c4 O-O 5. Nc3 c5 6. Be2 cxd4 7. Nxd4 Nc6 8.
Nxc6 bxc6 9. e4 d6 10. Be3 Qa5 11. O-O Rb8 12. Qd2 Ng4 13. Bxg4 Bxg4 14. Rfc1
Rfd8 15. Rab1 Be6 16. Bd4 Be5 17. b3 a6 18. Rd1 Rd7 19. Qe3 Rbd8 20. Ne2 c5 21.
Bxe5 dxe5 22. Rxd7 Rxd7 23. Nc3 Rd4 24. Qe1 Qd8 25. Rd1 Qd6 26. Nd5 f6 27. g3
Bg4 28. Rxd4 exd4 29. Nf4 Bf3 30. Nd3 Qc6 31. e5 Be4 32. Nxc5 Bh1 33. f3 Bxf3
34. Nd3 Be4 35. exf6 exf6 36. Nf2 Bf5 37. g4 Bc8 38. Qe7 Bb7 39. Qd8+ Kf7 40.
Kf1 Qg2+ 41. Ke1 Bf3 42. Qd7+ Kg8 43. Qd8+ Kf7 44. Qd7+ Kg8 45. Qd8+ Kf7 46.
Qd7+ 1/2-1/2

[Event "Horsens Lang Weekend 2017"]
[Site "Horsens"]
[Date "2017.07.13"]
[Round "1.6"]
[White "Dyrgaard, Kristoffer"]
[Black "Holmsoe, Finn"]
[Result "1/2-1/2"]
[WhiteElo "2334"]
[BlackElo "2001"]
[PlyCount "52"]
[EventDate "2017.??.??"]
[EventCountry "DEN"]

1. e4 d6 2. d4 Nf6 3. Nc3 c6 4. f4 Qa5 5. Bd3 e5 6. Nf3 Nbd7 7. O-O Be7 8. Kh1
O-O 9. Qe1 Kh8 10. Bd2 Qc7 11. Rd1 exd4 12. Nxd4 Nc5 13. f5 Ncd7 14. Qg3 Ne5
15. Be2 b5 16. a3 a6 17. Nf3 Bb7 18. Bg5 c5 19. Nxe5 dxe5 20. Bxf6 Bxf6 21. Nd5
Bxd5 22. Rxd5 Rad8 23. Rfd1 Rxd5 24. Rxd5 Rd8 25. c4 Rxd5 26. exd5 Qa5 1/2-1/2

[Event "Horsens Lang Weekend 2017"]
[Site "Horsens"]
[Date "2017.07.13"]
[Round "1.7"]
[White "Thybo, Thomas Sondergaard"]
[Black "Rostgaard, Tobias Valentin"]
[Result "1-0"]
[WhiteElo "1999"]
[BlackElo "2302"]
[PlyCount "63"]
[EventDate "2017.??.??"]
[EventCountry "DEN"]

1. e4 e5 2. Nf3 Nc6 3. Bb5 Nf6 4. O-O Nxe4 5. Re1 Nd6 6. Nxe5 Nxe5 7. Rxe5+ Be7
8. Bf1 O-O 9. d4 Bf6 10. Re1 Nf5 11. c3 d5 12. Bf4 a5 13. a4 Be6 14. Nd2 Nh4
15. Bd3 Qd7 16. Bg3 Rfe8 17. Bxh4 Bxh4 18. Qh5 Bf6 19. Qxh7+ Kf8 20. f4 g6 21.
Nf3 Ke7 22. f5 gxf5 23. Rxe6+ Qxe6 24. Re1 Kd6 25. Rxe6+ fxe6 26. Qg6 Rf8 27.
h4 Rae8 28. h5 Ke7 29. Ne5 Bxe5 30. dxe5 Kd7 31. h6 Kc8 32. h7 1-0

[Event "Horsens Lang Weekend 2017"]
[Site "Horsens"]
[Date "2017.07.13"]
[Round "1.8"]
[White "Rewitz, Poul"]
[Black "Stolberg Rohr, Thomine"]
[Result "1-0"]
[WhiteElo "2294"]
[BlackElo "1986"]
[PlyCount "78"]
[EventDate "2017.??.??"]
[EventCountry "DEN"]

1. d4 Nf6 2. Bg5 e6 3. e4 h6 4. Bxf6 Qxf6 5. c3 e5 6. dxe5 Qxe5 7. Nd2 Bc5 8.
Ngf3 Qe7 9. Bd3 a6 10. O-O O-O 11. e5 Nc6 12. Re1 b5 13. Qe2 d5 14. Ne4 Bb6 15.
Ng3 Bg4 16. h3 Be6 17. Bc2 b4 18. Nh5 bxc3 19. bxc3 Qc5 20. Rac1 Qb5 21. Bd3
Qa4 22. Bb1 Rad8 23. Qd3 g6 24. Qd2 Kh7 25. Nf4 Rfe8 26. h4 Kg7 27. h5 d4 28.
hxg6 fxg6 29. Bxg6 dxc3 30. Qxc3 Qxf4 31. Re4 Qg3 32. Bxe8 Bh3 33. e6+ Bd4 34.
Qxd4+ Nxd4 35. fxg3 Nxf3+ 36. gxf3 Rxe8 37. g4 h5 38. Kh2 hxg4 39. fxg4 Rh8 1-0

[Event "Horsens Lang Weekend 2017"]
[Site "Horsens"]
[Date "2017.07.13"]
[Round "1.9"]
[White "Kohut, Anna"]
[Black "Bank, Pelle Rodkjaer"]
[Result "1-0"]
[WhiteElo "1974"]
[BlackElo "2294"]
[PlyCount "76"]
[EventDate "2017.??.??"]
[EventCountry "DEN"]

1. f4 d5 2. b3 Nh6 3. e3 f6 4. Bb2 Nf7 5. Nf3 e6 6. d4 Bd6 7. Bd3 c5 8. O-O Nc6
9. c4 dxc4 10. Bxc4 Qe7 11. Nc3 cxd4 12. Nxd4 Nxd4 13. exd4 O-O 14. Qf3 Ba3 15.
Bxa3 Qxa3 16. Nb5 Qa5 17. f5 Kh8 18. Rae1 exf5 19. Qd5 Qd8 20. Qxd8 Nxd8 21. d5
Nf7 22. Re7 Ne5 23. Nc7 Rb8 24. d6 Bd7 25. Re1 Rbd8 26. Bd5 b6 27. b4 h5 28. b5
Kh7 29. Rd1 Kh6 30. h4 f4 31. Be6 g5 32. hxg5+ fxg5 33. Bxd7 Rxd7 34. Rxe5 g4
35. Re7 Rfd8 36. Re6+ Kg5 37. Rd5+ Kh4 38. Kh2 Rxc7 1-0

[Event "Horsens Lang Weekend 2017"]
[Site "Horsens"]
[Date "2017.07.13"]
[Round "1.10"]
[White "Ferrante, Marco"]
[Black "Christensen, Benjamin"]
[Result "1-0"]
[WhiteElo "2260"]
[BlackElo "1966"]
[PlyCount "87"]
[EventDate "2017.??.??"]
[EventCountry "DEN"]

1. e4 c5 2. Nf3 d6 3. d4 cxd4 4. Nxd4 Nf6 5. Nc3 g6 6. Be3 Bg7 7. f3 Nc6 8. Qd2
O-O 9. O-O-O d5 10. exd5 Nxd5 11. Nxc6 bxc6 12. Bd4 Bxd4 13. Qxd4 Qb6 14. Na4
Qc7 15. Bc4 Rd8 16. g3 Bf5 17. Qc5 Nb6 18. Bb3 Rd6 19. Rhe1 Rad8 20. Rxd6 Rxd6
21. Qe5 Qd8 22. Nc5 Nd7 23. Nxd7 Qxd7 24. c3 Be6 25. Bxe6 Rxe6 26. Qb8+ Kg7 27.
Rd1 Rd6 28. Rxd6 exd6 29. a4 Qe7 30. Kd2 Qg5+ 31. Kc2 Qf5+ 32. Kb3 Qd5+ 33. Ka3
Qc5+ 34. Qb4 Qd5 35. Qd4+ Qxd4 36. cxd4 Kf6 37. Kb4 Ke6 38. Kc4 g5 39. b4 a6
40. d5+ Kd7 41. h4 gxh4 42. gxh4 Kc7 43. h5 a5 44. dxc6 1-0

[Event "Horsens Lang Weekend 2017"]
[Site "Horsens"]
[Date "2017.07.13"]
[Round "1.11"]
[White "Christensen, Thomas (1974)"]
[Black "Nielsen, Viktor Haarmark"]
[Result "0-1"]
[WhiteElo "1956"]
[BlackElo "2243"]
[PlyCount "38"]
[EventDate "2017.??.??"]
[EventCountry "DEN"]

1. d4 d5 2. Nf3 Nf6 3. g3 Bf5 4. Bg2 e6 5. O-O Be7 6. c4 c6 7. Qb3 Qb6 8. Qd1
O-O 9. Nc3 dxc4 10. Ne5 Rd8 11. e4 Bg6 12. Be3 c5 13. d5 Nc6 14. Nxg6 hxg6 15.
Qe2 Nd4 16. Qxc4 Qxb2 17. dxe6 Qxc3 18. exf7+ Kf8 19. Qa4 Ng4 0-1

[Event "Horsens Lang Weekend 2017"]
[Site "Horsens"]
[Date "2017.07.13"]
[Round "1.12"]
[White "Hansen, Lars"]
[Black "Hansen, John Laurids"]
[Result "1-0"]
[WhiteElo "2236"]
[BlackElo "1949"]
[PlyCount "35"]
[EventDate "2017.??.??"]
[EventCountry "DEN"]

1. e4 e5 2. Nf3 Nc6 3. Bc4 Bc5 4. c3 Nf6 5. d4 exd4 6. cxd4 Bb4+ 7. Bd2 Bxd2+
8. Nbxd2 d5 9. exd5 Nxd5 10. O-O O-O 11. Rc1 Bf5 12. Re1 Rc8 13. Bxd5 Qxd5 14.
Rc5 Qd7 15. Qa4 Rfe8 16. Rxe8+ Rxe8 17. d5 Qd6 18. b4 1-0

[Event "Horsens Lang Weekend 2017"]
[Site "Horsens"]
[Date "2017.07.13"]
[Round "1.13"]
[White "Steenstrup, Svend"]
[Black "Thogersen, Rasmus"]
[Result "0-1"]
[WhiteElo "1949"]
[BlackElo "2232"]
[PlyCount "58"]
[EventDate "2017.??.??"]
[EventCountry "DEN"]

1. d4 Nf6 2. c4 g6 3. Nc3 d5 4. Nf3 Bg7 5. h4 c6 6. Bg5 dxc4 7. e4 b5 8. Bxf6
Bxf6 9. h5 O-O 10. Qd2 Bg7 11. e5 Bg4 12. Qf4 Bxf3 13. gxf3 Na6 14. hxg6 fxg6
15. Qh4 h6 16. Qe4 Qe8 17. Bh3 Nb4 18. Be6+ Kh7 19. Ne2 Rd8 20. Rh4 Nd3+ 21.
Kd2 Nxe5 22. f4 Nd3 23. Ke3 Nc5 24. dxc5 Rd3+ 25. Qxd3 cxd3 26. Nc3 Rf6 27. Bg4
e5 28. Ne4 exf4+ 29. Kf3 Qe5 0-1

[Event "Horsens Lang Weekend 2017"]
[Site "Horsens"]
[Date "2017.07.13"]
[Round "1.14"]
[White "Mortensen, Henrik (1963)"]
[Black "Ramsdal, Jens Albert"]
[Result "0-1"]
[WhiteElo "1942"]
[BlackElo "2206"]
[PlyCount "88"]
[EventDate "2017.??.??"]
[EventCountry "DEN"]

1. d4 Nf6 2. Nc3 d5 3. Bg5 c5 4. e3 Nc6 5. Nf3 Bg4 6. Be2 e6 7. O-O Be7 8. a3
O-O 9. dxc5 Bxc5 10. Na4 Be7 11. c4 dxc4 12. Bxc4 Qa5 13. b4 Qf5 14. Qb1 Qxb1
15. Raxb1 h6 16. Bh4 g5 17. Bg3 Ne4 18. Rbd1 Rad8 19. Be2 h5 20. Bc7 Rc8 21. h3
Rxc7 22. hxg4 hxg4 23. Nd2 Nxd2 24. Rxd2 Ne5 25. Rfd1 f5 26. Bb5 Kf7 27. Nb2 a6
28. Bf1 Kf6 29. Nd3 g3 30. Nxe5 gxf2+ 31. Kxf2 Kxe5 32. Rd7 Rfc8 33. R1d2 g4
34. Be2 Bg5 35. a4 Rxd7 36. Rxd7 Rc2 37. Rxb7 Bh4+ 38. g3 Bxg3+ 39. Kxg3 Rxe2
40. Rb6 Rxe3+ 41. Kf2 Rb3 42. a5 f4 43. b5 Rb2+ 44. Kf1 axb5 0-1

[Event "Horsens Lang Weekend 2017"]
[Site "Horsens"]
[Date "2017.07.13"]
[Round "2.1"]
[White "Rasmussen, Karsten"]
[Black "Jensen, Jacob Bjerre"]
[Result "1-0"]
[WhiteElo "2444"]
[BlackElo "2115"]
[PlyCount "59"]
[EventDate "2017.??.??"]
[EventCountry "DEN"]

1. c4 Nf6 2. Nf3 c5 3. Nc3 b6 4. e3 Bb7 5. d4 e6 6. d5 exd5 7. cxd5 d6 8. e4 a6
9. a4 g6 10. Bc4 Bg7 11. O-O O-O 12. Re1 Ng4 13. Bg5 Qc7 14. h3 Ne5 15. Nxe5
Bxe5 16. f4 Bd4+ 17. Kh1 Nd7 18. e5 dxe5 19. Be7 Bxc3 20. bxc3 Rfe8 21. d6 Qc6
22. Qg4 Rxe7 23. dxe7 Nf6 24. Qg5 Ne4 25. Rxe4 Qxe4 26. Rd1 Re8 27. Rd8 Bc6 28.
Rxe8+ Bxe8 29. Qh6 Qxc4 30. Qf8# 1-0

[Event "Horsens Lang Weekend 2017"]
[Site "Horsens"]
[Date "2017.07.13"]
[Round "2.2"]
[White "Nielsen, Klaus"]
[Black "Antonsen, Mikkel"]
[Result "1/2-1/2"]
[WhiteElo "2105"]
[BlackElo "2428"]
[PlyCount "102"]
[EventDate "2017.??.??"]
[EventCountry "DEN"]

1. e4 e5 2. Nf3 Nc6 3. Bc4 Bc5 4. c3 Nf6 5. d4 exd4 6. cxd4 Bb4+ 7. Bd2 Nxe4 8.
Bxb4 Nxb4 9. Qb3 d5 10. Qxb4 dxc4 11. O-O Nd6 12. Re1+ Kf8 13. Nc3 a5 14. Qc5
b6 15. Qh5 f6 16. Nh4 Nf7 17. Re3 g5 18. Qf3 Ra7 19. Nf5 Bxf5 20. Qxf5 c6 21.
Re6 Kg7 22. Rxc6 Re8 23. Ne4 Qe7 24. Qxf6+ Qxf6 25. Nxf6 Rd8 26. Nh5+ Kf8 27.
Rxc4 Rad7 28. Kf1 Rxd4 29. Rxd4 Rxd4 30. Ng3 Rd2 31. Rb1 g4 32. Ke1 Rc2 33. Nf5
Ne5 34. Rd1 Rxb2 35. Rd2 Rxd2 36. Kxd2 Kf7 37. Kc3 Ke6 38. Ne3 h5 39. Nc4 Nd7
40. Kd4 a4 41. Nb2 b5 42. Nd3 Kd6 43. f3 gxf3 44. gxf3 h4 45. f4 Nf6 46. Nc5 b4
47. Nxa4 Ng4 48. h3 Nf2 49. Ke3 Nxh3 50. Nb2 Ke6 51. Kf3 Kf5 1/2-1/2

[Event "Horsens Lang Weekend 2017"]
[Site "Horsens"]
[Date "2017.07.13"]
[Round "2.3"]
[White "Teplyi, Igor"]
[Black "Miqueu, Jean Philippe"]
[Result "1-0"]
[WhiteElo "2424"]
[BlackElo "2100"]
[PlyCount "144"]
[EventDate "2017.??.??"]
[EventCountry "DEN"]

1. d4 d5 2. c4 c6 3. Nf3 Nf6 4. e3 Bg4 5. h3 Bxf3 6. Qxf3 e6 7. Nc3 Bb4 8. Bd3
Nbd7 9. O-O O-O 10. Rd1 Re8 11. Qe2 Qe7 12. Bd2 dxc4 13. Bxc4 e5 14. dxe5 Nxe5
15. Bb3 Ng6 16. Be1 Bd6 17. Qc4 Rad8 18. Rd2 Rd7 19. Rad1 Red8 20. Kf1 a6 21.
a3 Ne5 22. Qh4 Ng6 23. Qg5 b5 24. Qf5 Nh4 25. Qg5 Ng6 26. h4 Kh8 27. h5 h6 28.
Qf5 Qe5 29. Qxe5 Nxe5 30. f3 Kg8 31. Bh4 Be7 32. Rxd7 Rxd7 33. Rxd7 Nexd7 34.
g4 Kf8 35. Bg3 Bc5 36. Ke2 Ke7 37. Bh4 Ke8 38. Nb1 Be7 39. Bg3 Nc5 40. Bc2 Kd7
41. Bf5+ Ne6 42. Be5 c5 43. Nd2 Kc6 44. f4 a5 45. a4 bxa4 46. Nc4 Nd8 47. Bc3
Nb7 48. Ne5+ Kb5 49. Nxf7 c4 50. g5 hxg5 51. fxg5 Nxh5 52. Bg6 Bb4 53. Be5 Nf6
54. gxf6 gxf6 55. Bxf6 a3 56. bxa3 Bxa3 57. Kd2 Bb4+ 58. Kc2 a4 59. Bf5 Bc5 60.
e4 a3 61. Bd7+ Kb6 62. Kb1 Bb4 63. Bd4+ Bc5 64. Bc3 Kc7 65. Be6 Be7 66. Bxc4
Nc5 67. Bd5 Na4 68. Be5+ Kd7 69. Ka2 Nc5 70. Bc3 Nd3 71. Ne5+ Nxe5 72. Bxe5 Ke8
1-0

[Event "Horsens Lang Weekend 2017"]
[Site "Horsens"]
[Date "2017.07.13"]
[Round "2.4"]
[White "Mejvik, Jacob"]
[Black "Bjerre, Jonas Buhl"]
[Result "0-1"]
[WhiteElo "2085"]
[BlackElo "2354"]
[PlyCount "66"]
[EventDate "2017.??.??"]
[EventCountry "DEN"]

1. d4 Nf6 2. Bg5 g6 3. Bxf6 exf6 4. g3 Bg7 5. Bg2 O-O 6. c4 f5 7. Nc3 d6 8. e3
Nd7 9. Nge2 Nf6 10. O-O Rb8 11. b4 c6 12. Qb3 Re8 13. Rfd1 Ne4 14. Rab1 Qe7 15.
a4 h5 16. Rd3 h4 17. f3 Nd2 18. Qd1 Nxb1 19. Qxb1 Be6 20. d5 cxd5 21. cxd5 Bd7
22. Kf2 Rbc8 23. b5 Rc4 24. Qb3 Rec8 25. Na2 hxg3+ 26. hxg3 Qe5 27. Rd2 a5 28.
Nd4 R4c5 29. f4 Qe7 30. Rd3 Bxd4 31. Rxd4 Rc2+ 32. Kg1 R2c3 33. Re4 Rc1+ 0-1

[Event "Horsens Lang Weekend 2017"]
[Site "Horsens"]
[Date "2017.07.13"]
[Round "2.5"]
[White "Petersen, Martin Reib"]
[Black "Rewitz, Poul"]
[Result "0-1"]
[WhiteElo "2082"]
[BlackElo "2294"]
[PlyCount "74"]
[EventDate "2017.??.??"]
[EventCountry "DEN"]

1. e4 c6 2. d4 d5 3. e5 g6 4. Be3 Nh6 5. h3 Nf5 6. Bf4 Qb6 7. Qc1 Qxd4 8. Nf3
Qb6 9. c3 h5 10. Na3 Na6 11. Nc2 Nc5 12. Ncd4 e6 13. Nxf5 exf5 14. Be3 Qc7 15.
b4 Ne4 16. Bd3 a5 17. a3 Bg7 18. O-O O-O 19. Bh6 Be6 20. Bxg7 Kxg7 21. Re1 c5
22. Qb2 b6 23. Rad1 Ra7 24. c4 dxc4 25. Bxe4 fxe4 26. Rxe4 cxb4 27. axb4 c3 28.
Qc1 axb4 29. Rxb4 Rfa8 30. Nd4 Ra1 31. Nxe6+ fxe6 32. Qxa1 Rxa1 33. Rxa1 c2 34.
Rc1 Qd8 35. Re4 Qd2 36. Ree1 b5 37. Ra1 b4 0-1

[Event "Horsens Lang Weekend 2017"]
[Site "Horsens"]
[Date "2017.07.13"]
[Round "2.6"]
[White "Nielsen, Henning (1940)"]
[Black "Ferrante, Marco"]
[Result "0-1"]
[WhiteElo "2081"]
[BlackElo "2260"]
[PlyCount "115"]
[EventDate "2017.??.??"]
[EventCountry "DEN"]

1. e4 e6 2. d4 d5 3. Nc3 Bb4 4. e5 c5 5. a3 Bxc3+ 6. bxc3 Nc6 7. Nf3 Nge7 8.
dxc5 Qa5 9. Bd3 Nxe5 10. O-O Qxc3 11. Nxe5 Qxe5 12. Rb1 Qc7 13. Be3 e5 14. Bb5+
Bd7 15. Qg4 Bxb5 16. Rxb5 d4 17. Bd2 O-O 18. Rfb1 Rab8 19. Qf3 b6 20. Qb3 Rfc8
21. Rb2 Qc6 22. cxb6 Rxb6 23. a4 Rxb5 24. axb5 Qc4 25. Qf3 Nd5 26. g3 Rb8 27.
Qe4 f6 28. Qf5 Qc8 29. Qd3 Nb6 30. Rb4 Rb7 31. Qb3+ Kh8 32. c3 dxc3 33. Bxc3
Rc7 34. Bd2 Rc4 35. Be3 Rxb4 36. Qxb4 Nd5 37. Qc5 Qxc5 38. Bxc5 Nc3 39. Bxa7
Nxb5 40. Bc5 h5 41. f3 Kh7 42. Kf2 Kg6 43. h3 Kf5 44. g4+ Kg6 45. Bf8 Kf7 46.
Bb4 h4 47. Ke3 g5 48. Bc5 Ke6 49. Kd3 Nc7 50. Ke2 Nd5 51. Be3 Nf4+ 52. Bxf4
gxf4 53. Kd2 Kd6 54. Kd3 Kd5 55. Kc3 e4 56. fxe4+ Kxe4 57. Kd2 Kf3 58. Kc2 0-1

[Event "Horsens Lang Weekend 2017"]
[Site "Horsens"]
[Date "2017.07.13"]
[Round "2.7"]
[White "Nielsen, Viktor Haarmark"]
[Black "Hilwerda, Jonas"]
[Result "1-0"]
[WhiteElo "2243"]
[BlackElo "2068"]
[PlyCount "69"]
[EventDate "2017.??.??"]
[EventCountry "DEN"]

1. e4 e5 2. Nf3 Nc6 3. Bb5 a6 4. Ba4 Nf6 5. O-O Be7 6. d3 b5 7. Bb3 d6 8. a4
Bg4 9. c3 O-O 10. h3 Bh5 11. Re1 Na5 12. Bc2 c5 13. Nbd2 Nc6 14. Nf1 Qc7 15.
Ng3 Bg6 16. Nh4 d5 17. Nhf5 d4 18. cxd4 cxd4 19. Nxe7+ Qxe7 20. h4 h6 21. h5
Bh7 22. Bb3 b4 23. a5 Qc5 24. Qc2 Nd7 25. Qxc5 Nxc5 26. Bc4 Nb7 27. Bd2 Nbxa5
28. Bd5 Rab8 29. Rec1 Rb6 30. Rc5 Rd8 31. Rac1 Rd6 32. Rxa5 Ne7 33. Bc4 Nc6 34.
Rxa6 Rxa6 35. Bxa6 1-0

[Event "Horsens Lang Weekend 2017"]
[Site "Horsens"]
[Date "2017.07.13"]
[Round "2.8"]
[White "Firooznia, Farzam"]
[Black "Hansen, Lars"]
[Result "0-1"]
[WhiteElo "2062"]
[BlackElo "2236"]
[PlyCount "84"]
[EventDate "2017.??.??"]
[EventCountry "DEN"]

1. e4 e6 2. d4 d5 3. Nd2 Nf6 4. e5 Nfd7 5. Bd3 c5 6. c3 Nc6 7. Ne2 cxd4 8. cxd4
f6 9. exf6 Nxf6 10. O-O Bd6 11. Nf3 O-O 12. Bf4 Nh5 13. Bxd6 Qxd6 14. Rc1 Rxf3
15. gxf3 Bd7 16. Qd2 Rf8 17. Qg5 Nf4 18. Nxf4 Qxf4 19. Qxf4 Rxf4 20. Bb5 Rxd4
21. Rfd1 Rf4 22. Kg2 Kf7 23. Rc3 Kf6 24. a3 a6 25. Bxc6 Bxc6 26. Rcd3 e5 27.
Re1 d4 28. Red1 g5 29. Kg3 h5 30. h3 h4+ 31. Kg2 Bb5 32. R3d2 Bc6 33. Rd3 Kf5
34. R1d2 e4 35. Rxd4 Rxf3 36. Kh2 g4 37. hxg4+ Kxg4 38. Rd8 Rh3+ 39. Kg1 Kf4
40. Rf8+ Ke5 41. Kg2 e3+ 42. Kxh3 exd2 0-1

[Event "Horsens Lang Weekend 2017"]
[Site "Horsens"]
[Date "2017.07.13"]
[Round "2.9"]
[White "Thogersen, Rasmus"]
[Black "Kristensen, Bjarke Hautop"]
[Result "1/2-1/2"]
[WhiteElo "2232"]
[BlackElo "2061"]
[PlyCount "83"]
[EventDate "2017.??.??"]
[EventCountry "DEN"]

1. e4 c5 2. Nf3 e6 3. d4 cxd4 4. Nxd4 Nc6 5. Nc3 Qc7 6. Be3 a6 7. Qd2 Nf6 8.
O-O-O Be7 9. f3 b5 10. g4 Nxd4 11. Bxd4 Bb7 12. Kb1 O-O 13. e5 Ne8 14. Qe3 d6
15. Bd3 Rc8 16. Rhf1 dxe5 17. Bxe5 Qa5 18. Qa7 Nd6 19. Bxd6 Bxd6 20. Qxb7 Rxc3
21. bxc3 Qxc3 22. Qe4 g6 23. Qe1 Qa3 24. c3 b4 25. Rf2 Rb8 26. Ka1 bxc3 27. Bc4
c2 28. Rxc2 Bf8 29. Rd3 Bg7+ 30. Rdc3 Qb4 31. Bb3 Rc8 32. Kb2 a5 33. a3 Qd4 34.
Bxe6 Rxc3 35. Rxc3 fxe6 36. Qxe6+ Kf8 37. Qc8+ Kf7 38. Qc7+ Kf8 39. Qxa5 Qd2+
40. Kb3 Qd1+ 41. Kc4 Qe2+ 42. Kb3 1/2-1/2

[Event "Horsens Lang Weekend 2017"]
[Site "Horsens"]
[Date "2017.07.13"]
[Round "2.10"]
[White "Knudsen, Jesper"]
[Black "Brondt, Nicolai Kvist"]
[Result "0-1"]
[WhiteElo "2056"]
[BlackElo "2229"]
[PlyCount "55"]
[EventDate "2017.??.??"]
[EventCountry "DEN"]

1. e4 c6 2. d4 d5 3. e5 Bf5 4. Nf3 e6 5. Be2 Bg6 6. Nbd2 Ne7 7. Nh4 Nf5 8. Nxg6
hxg6 9. Nf3 c5 10. c3 Nc6 11. O-O Qb6 12. dxc5 Bxc5 13. g3 a5 14. Qa4 O-O 15.
Qg4 d4 16. Qe4 Rfd8 17. Kg2 Rd7 18. Rb1 Rad8 19. Bg5 Be7 20. Rfd1 Bxg5 21. Nxg5
Qc5 22. Nf3 dxc3 23. Rdc1 Nfd4 24. Rxc3 Qe7 25. Re1 Qb4 26. Ng5 Qxb2 27. Rxc6
Nxc6 28. Bc4 0-1

[Event "Horsens Lang Weekend 2017"]
[Site "Horsens"]
[Date "2017.07.13"]
[Round "2.11"]
[White "Ramsdal, Jens Albert"]
[Black "Nielsen, Poul Erik (1948)"]
[Result "1-0"]
[WhiteElo "2206"]
[BlackElo "2053"]
[PlyCount "75"]
[EventDate "2017.??.??"]
[EventCountry "DEN"]

1. e4 c5 2. Nf3 Nc6 3. d4 cxd4 4. Nxd4 Nf6 5. Nc3 d6 6. Bg5 Nxd4 7. Qxd4 Nd7 8.
Bc4 Qb6 9. O-O-O Qxd4 10. Rxd4 Ne5 11. Bb3 Bd7 12. f4 Nc6 13. Rd2 h6 14. Bh4
Rg8 15. Rf1 g6 16. e5 g5 17. Bg3 dxe5 18. fxe5 Be6 19. Nb5 Rc8 20. Ba4 Bc4 21.
Nxa7 Bxf1 22. Nxc8 b5 23. Bb3 Bc4 24. Bxc4 bxc4 25. a4 Rg6 26. Rd5 Re6 27. Nb6
c3 28. bxc3 Bg7 29. Nc4 h5 30. h3 h4 31. Bh2 f5 32. exf6 Bxf6 33. Kd2 Re4 34.
Rc5 Nd8 35. a5 Re6 36. Rc8 Rc6 37. Rxc6 Nxc6 38. a6 1-0

[Event "Horsens Lang Weekend 2017"]
[Site "Horsens"]
[Date "2017.07.13"]
[Round "2.12"]
[White "Thorsbro, Peter"]
[Black "Thybo, Thomas Sondergaard"]
[Result "1-0"]
[WhiteElo "2151"]
[BlackElo "1999"]
[PlyCount "67"]
[EventDate "2017.??.??"]
[EventCountry "DEN"]

1. d4 d5 2. c4 e6 3. Nc3 c6 4. Nf3 Nf6 5. Bg5 dxc4 6. a4 Bb4 7. e3 b5 8. Nd2
Qb6 9. Bxf6 gxf6 10. Qf3 Bb7 11. Qxf6 Rg8 12. Be2 Nd7 13. Qh4 a6 14. O-O Be7
15. Qh3 O-O-O 16. Bf3 Kb8 17. axb5 cxb5 18. Rfd1 Rg7 19. Bxb7 Qxb7 20. Qf3 Rdg8
21. g3 Nf6 22. Ra2 Ne8 23. e4 Nc7 24. Ne2 Rd8 25. b3 cxb3 26. Nxb3 f5 27. Na5
Qa8 28. d5 fxe4 29. Qc3 Rxd5 30. Rxd5 Qxd5 31. Rd2 b4 32. Nc6+ Kb7 33. Nxb4 Bf6
34. Nxd5 1-0